[Event "Olympiad-34"]
[Site "Istanbul"]
[Date "2000.11.06"]
[Round "9.1"]
[White "Andersson, Ulf"]
[Black "Danner, Georg"]
[Result "1-0"]
[WhiteElo "2641"]
[BlackElo "2437"]
[Annotator "Tyomkin,D"]
[PlyCount "65"]
[EventDate "2000.10.28"]
[EventType "team-swiss"]
[EventRounds "14"]
[EventCountry "TUR"]
[SourceTitle "EXT 2001"]
[Source "ChessBase"]
[SourceDate "2000.11.22"]
[SourceVersion "1"]
[SourceVersionDate "2000.11.22"]
[SourceQuality "1"]
[WhiteTeam "Sweden"]
[BlackTeam "Austria"]
[WhiteTeamCountry "SWE"]
[BlackTeamCountry "AUT"]

1. Nf3 f5 2. d4 g6 3. g3 Bg7 4. Bg2 d6 5. O-O Nf6 6. d5 O-O 7. c4 c6 8. Nc3 Bd7
(8... cxd5 {1/2-1/2 Magai,V-Spraggett,K/Istanbul 2000/EXT 2001/[Tyomkin,D] (40)
}) 9. Rb1 (9. Nd4 Qb6 $6 (9... cxd5 $142) 10. e3 Na6 11. Rb1 {[%cal Gb2b4]} Nc5
12. b4 Nce4 13. Na4 Qa6 14. f3 Ng5 15. b5 cxb5 16. cxb5 Qa5 17. Bd2 Qd8 18. Qb3
$14 {1/2-1/2 Ivkov,B-Buecker,S/Dortmund 1989/CBM 13 (80)}) (9. Qb3 Qb6 10. Be3
Qxb3 11. axb3 c5 12. Ne1 Na6 13. Nd3 Nc7 14. b4 $14 {1/2-1/2 Gheorghiu,
F-Joksic,S/Biel 1992/CBM 31 ext (27)}) 9... Na6 10. b4 $146 {This move is
pritty logical-black doesn't have Nc5 now.} (10. b3 Qe8 11. Bb2 h6 12. Nd4 g5
13. e3 $14 {1/2-1/2 Yates Doerr,R-Zhao,X/Budapest 2000/CBM 77 ext (69)}) 10...
Qe8 11. a3 Nc7 {There is nothing to do for black knight on a6 anymore.} 12. Bb2
cxd5 13. cxd5 Rc8 14. Rc1 h6 (14... Ne4 $142 $5) 15. Nd4 $14 {White has got
typical setup of pieces for this structure. But, as it was shown in many games,
it is very hard to break black's position here.} Qf7 16. Qd2 Kh7 {Black
doesn't fall to the trap:} (16... Nfxd5 $2 17. Nxd5 Nxd5 18. Nxf5 $1 Bxf5 19.
Bxg7 (19. Bxd5 $143 e6 20. Bxg7 Qxg7) 19... Kxg7 (19... Qxg7 20. Qxd5+ {
[%csl Rb7]}) 20. Bxd5 e6 21. Bg2 {[%cal Re2e4,Yf2f3]} d5 22. g4 Rxc1 (22... Be4
23. f3 $18) 23. Rxc1 Bxg4 24. Qd4+ Qf6 25. Qxg4 Qxf2+ 26. Kh1 $16) 17. Ne6 {
It leads to the equality. White still could try to keep better position after:}
(17. Nb3 $142 {[%cal Gb3a5]} Nb5 $5 {[%cal Gb5c3,Yd7b5] black trades this
passive knight.} 18. Na5 Nxc3 19. Bxc3 Ne4 20. Bxe4 Bxc3 21. Rxc3 Rxc3 22. Qxc3
fxe4 {[%cal Gd7h3]} 23. Qd4 $14) 17... Nxe6 18. dxe6 Qxe6 19. Bxb7 Rc7 $11 {
Black gets all pieces in the game right now.} 20. Bf3 Rfc8 21. Nd5 Rxc1 22.
Nxf6+ Bxf6 23. Rxc1 Rxc1+ {It was better for black to go to the bishops ending,
trading queens and rooks after following:} (23... Qa2 24. Rxc8 Bxc8 25. Bc3
Qxd2 26. Bxd2 Bd7 {[%cal Rf6b2]} 27. Bc1 $11) 24. Qxc1 Bxb2 25. Qxb2 Qc4 26.
Qd2 Bb5 27. h4 {[%cal Gh4h5] Ulf is well known endgame expert, and he wins
this ending quite easily despite of the balance. White has only one threat in
this position, h4-h5, but black has reacted horribly.} Qc7 $6 {First black
removes the queen from active position...} 28. h5 gxh5 $2 {Than black opens
the king. Still it wasn't too late to hold position by:} (28... e5 29. hxg6+
Kxg6 30. Qd5 Bc4 $11 {Despite of few pawn weaknesses, black should make a draw.
}) 29. Qd5 $18 {[%csl Rb5][%cal Gd5f7] Double threat kills black here.} Qd7 (
29... Be8 30. Qxf5+ Bg6 31. Qe6 $18 {[%cal Gf3d5]}) 30. Qf7+ Kh8 31. Bxh5 e5
32. Qf8+ Kh7 33. Bf7 1-0

[Event "RUS-ch 54th"]
[Site "Elista"]
[Date "2001.05.01"]
[Round "2"]
[White "Filippov, Valerij"]
[Black "Potapov, Alexander"]
[Result "1-0"]
[WhiteElo "2632"]
[BlackElo "2490"]
[Annotator "Tyomkin,D"]
[PlyCount "99"]
[EventDate "2001.04.29"]
[EventType "swiss"]
[EventRounds "9"]
[EventCountry "RUS"]
[SourceTitle "CBM 083"]
[Source "ChessBase"]
[SourceDate "2001.07.05"]
[SourceVersion "1"]
[SourceVersionDate "2001.07.05"]
[SourceQuality "1"]

1. Nf3 f5 2. c4 Nf6 3. g3 g6 4. Bg2 Bg7 5. O-O O-O 6. Nc3 d6 7. d4 Qe8 8. Re1
Qf7 9. b3 Ne4 10. Bb2 Nc6 11. Rc1 e5 {Other moves are:} (11... h6) (11... a5) (
11... Nxc3 $6) 12. dxe5 $146 {New idea in this position, which promises white
some opening advantage;} (12. d5 Nxc3 {1/2-1/2 Pigusov,E-Zhang Zhong/Beijing
1997/CBM 61/[Tyomkin,D] (42)} (12... Nb4 $2 $146 {1-0 Filippov,V-Malaniuk,V/
Samara 74/89 1998/Inf 74/[Filippov,V] (35)})) 12... dxe5 (12... Nxe5 13. Nxe5
Bxe5 14. Qc2 $14) (12... Nxc3 13. Bxc3 dxe5 (13... Nxe5 14. Nxe5 dxe5 15. Bd5
Be6 16. Bxb7 $16) 14. Qd5 $5 (14. e4 $5 fxe4 15. Rxe4 ({the same idea as in
the game doesn't work here:} 15. Ng5 Qxf2+ 16. Kh1 Rd8 {and white can not keep
the queen out of trade;}) 15... Bf5 $132 {[%cal Ga8d8,Yc6d4]}) 14... Be6 $140
15. Qb5 {[%csl Rb7,Re5]}) 13. Nxe4 $1 {Temporary pawn sacrifice;} fxe4 14. Ng5
Qxf2+ 15. Kh1 Rd8 16. Qc2 Qe3 $1 {Forcing white to capture the pawn with the
knight;} 17. Nxe4 Bf5 {[%cal Gc6d4]} 18. Qc3 Qxc3 $2 (18... Bh6 $1 19. Qxe3
Bxe3 20. Rcd1 $11 {Comparing with the game, white doesn't have access to
c5-square, and black holds the balance like this;}) 19. Bxc3 {[%cal Ge4c5]} Bh6
20. Rcd1 Nd4 (20... Be3 21. Nf6+ Kg7 22. Bxc6 $18 {and white wins one of black
pawns;}) 21. g4 $1 $16 {It leads to the endgame with pair of bishops advantage
for white, and it will be the main aspect of the play;} (21. Nc5 Nc2 $1 $132)
21... Bxe4 (21... Be6 22. g5 Bg7 23. Nc5 $16) 22. Bxe4 c6 23. b4 $1 {[%mdl 32]
Starting from now, white introduces strong technical play of endings; The
point in this ending is that white has to create play on both wings to
unitilize the power of bishops;} (23. e3 Ne6 24. Bxe5 Rxd1 25. Rxd1 Re8 $132 {
[%cal Gh6e3,Re6c5]}) 23... Bg7 24. e3 Ne6 25. h4 $1 {[%mdl 32] Capturing the
space all over the board;} Rxd1 26. Rxd1 Rd8 27. Rb1 $1 {Keeping the rook out
of trade; Black rook doesn'have entries over d-file;} Kf7 28. Kg2 Rd7 29. Kf2
a6 30. Ke2 Nc7 31. Rf1+ Kg8 (31... Ke7 32. h5 gxh5 33. gxh5 h6 34. Rg1 $16) 32.
h5 gxh5 33. gxh5 Ne8 34. Rg1 {[%cal Rh5h6]} Nd6 (34... Kh8 35. c5 $16) 35. Bc2
h6 (35... Nf7 36. c5 {and like in the game;}) 36. c5 {36.Bxe5 doesn't lead to
clear win, but 36.c5 increases the pressure;} (36. Bxe5 Nxc4 37. Bb3 b5 38.
Bxc4+ bxc4 39. Rg6 (39. e4 Kh7 40. Rxg7+ Rxg7 41. Bxg7 Kxg7 42. Ke3 Kf6 43. Kd4
Kg5 44. Kxc4 Kxh5 $13) 39... Kh7 40. Bxg7 Rxg7 41. Rxc6 $16) 36... Nf7 37. Bf5
Re7 38. e4 Ng5 39. a4 $1 {Playing over both wings- that's the correct strategy
to use the pair of bishops' advantage;} Kf8 40. Rf1 Ke8 41. Bg6+ Kd8 42. b5
axb5 (42... Ne6 43. bxa6 bxa6 44. Ba5+ Kc8 (44... Kd7 45. Rb1 $18 {[%cal Gg6f5]
}) 45. Bf5 Kb8 46. Rb1+ Ka8 47. Bxe6 Rxe6 48. Rd1 Re7 49. Rd6 Kb7 50. Bd2 {
and so on;}) 43. Ba5+ Kc8 44. Rd1 {[%cal Rd1d8]} b6 {[%cal Gc8b7]} 45. cxb6 {
Stronger than Bxb6-white gets b6 passed pawn in addition to all it's
advantages;} c5 (45... bxa4 46. Bb4 $1 {trapping the rook;} Re6 (46... Rb7 47.
Bf5+) 47. Bf5 $18) 46. axb5 Kb7 47. Bf5 {[%cal Gd1d8,Yf5c8,Yf5d7,Yd7c6] Rd8 or
Bd7-c6 coming;} Nf7 48. Bd7 Bf6 49. Bc6+ Kb8 50. Bc3 {[%cal Gd1a1,Ga1a8] Black
doesn't have good defense of Rd1-a1-a8 of white;} 1-0

[Event "RUS-ch 54th"]
[Site "Elista"]
[Date "2001.04.30"]
[Round "1"]
[White "Vaulin, Alexander"]
[Black "Korobov, Ilya"]
[Result "1-0"]
[WhiteElo "2540"]
[BlackElo "2347"]
[Annotator "Tyomkin,D"]
[PlyCount "69"]
[EventDate "2001.04.29"]
[EventType "swiss"]
[EventRounds "9"]
[EventCountry "RUS"]
[SourceTitle "CBM 083"]
[Source "ChessBase"]
[SourceDate "2001.07.05"]
[SourceVersion "1"]
[SourceVersionDate "2001.07.05"]
[SourceQuality "1"]

1. d4 f5 2. g3 Nf6 3. Bg2 g6 4. Nf3 Bg7 5. O-O O-O 6. c4 d6 7. Nc3 Qe8 8. Re1
Qf7 9. Qd3 h6 {Usually black plays h6 to prevent Ng5;} (9... Nc6 10. Ng5 Qe8
11. Nb5 Qd8 12. d5 Ne5 13. Qc2 h6 14. Nf3 (14. Ne6 Bxe6 15. dxe6 c6 16. Nd4 $14
) 14... Bd7 15. Nbd4 c5 16. dxc6 Nxc6 17. b3 Ng4 18. Bb2 Qb6 19. e3 $14 {
1-0 Farago,I-Dao Thien Hai/Budapest 1993/EXT 97 (71)}) 10. b3 Nc6 (10... c6 11.
Bb2 g5 12. Rad1 Na6 13. a3 Bd7 14. h3 Rae8 15. e4 {1/2-1/2 Portisch,F-Banas,J/
HUN-chT 1993/TD (15)}) 11. Ba3 {11.Bb2 allows black to play e5, but white has
got advantage in both games played in that line:} (11. Bb2 e5 12. dxe5 dxe5 13.
e4 f4 (13... fxe4 $5) 14. Nd5 $14 Nh5 15. Ba3 (15. b4 Re8 16. Rad1 g5 17. b5
Nd8 18. Qa3 g4 19. Nh4 Bf8 20. c5 b6 21. Nf5 {1-0 Stocek,J-Hoang Than Trang/
Budapest 1997/CBM 57 ext (41)}) 15... Rd8 16. b4 Be6 17. b5 Na5 18. Qc3 b6 19.
Bb4 c6 20. Bxa5 cxd5 21. cxd5 bxa5 22. dxe6 $16 {1/2-1/2 Shabtai,R-Dao Thien
Hai/Budapest 1993/CBM 37 ext (47)}) 11... g5 (11... Ne4 12. Nb5 e6 13. Rac1 (
13. Rad1 a6 14. Nc3 Nxc3 15. Qxc3 g5 16. e3 $14 {/= 1/2-1/2 Itkis,B-Berezin,O/
Kharkov UKR 2000/The Week in Chess 311 (26)}) 13... a6 14. Nc3 Nxc3 15. Qxc3 f4
$5 16. Qd3 fxg3 17. fxg3 (17. hxg3 $2 Nxd4 $1) 17... Qf5 18. e4 Qa5 19. b4 $1
Nxb4 20. Qc3 Nc6 21. Qxa5 Nxa5 22. e5 Rd8 23. d5 $1 $14 {1/2-1/2 Farago,
I-Kindermann,S/AUT-chT 1994/TD (59)}) (11... a5 12. Nb5 Ne8 13. Rad1 (13. Bb2
g5 14. Qd2 e5 {1/2-1/2 Farago,I-Kopylov,M/Hamburg GER 2000/The Week in Chess
293 (14)}) 13... Nb4 14. Qb1 c6 15. Nc3 e5 16. dxe5 dxe5 17. Bb2 e4 18. Nd4 Nf6
19. f3 $14 {1-0 Neverov,V-Vasiukov,E/Voskresensk 1990/CBM 19/[Schussler] (61)})
12. Rad1 $146 (12. d5 Ne5 (12... Ne4 13. Nb5 $5) (12... Nd8 $14) 13. Nxe5 dxe5
14. Rac1 (14. Nb5 $1 $16) 14... Re8 15. Nb5 e4 16. Qc2 e6 17. d6 $18 {1-0
Vadasz,L-Hoang Than Trang/Budapest 1997/CBM 57 ext (36)}) 12... a5 13. Qb1 {
There was another typical idea for white after black's a7-a5:} (13. Nb5 $5 e6
14. Bb2 $14) 13... f4 14. e3 Ng4 (14... g4 15. Nh4 f3 16. Bf1 $14 {[%csl Rf5,
Rg6,Yh4]}) 15. exf4 gxf4 16. Nd5 fxg3 17. fxg3 Bf5 18. Qb2 e6 19. Nh4 $1 {
[%mdl 64] This very strong reply breaks black off;} (19. Nf4 $14 Rae8 20. Qd2 {
[%cal Gh2h3]} (20. h3 $14) 20... Nxd4 21. Nxd4 Bxd4+ 22. Qxd4 e5 23. Qc3 exf4
24. Bb2 $16 {[%csl Yb2,Yg2]}) 19... Nxd4 {entering to the tactical fight;
White has solid advantage after another, quite move of black:} (19... Bh7 {
[%cal Ga8e8]} 20. Nf4 Rae8 (20... Nxd4 21. Rxd4 c5 22. Nxe6 Qxe6 23. Rxe6 Bxd4+
24. Qxd4 cxd4 25. Bd5 $18 {[%cal Ga3b2,Yd5g8,Yb2h8] and suddenly whitw creates
decisive attack in this ending- black can't cover both diagonals: b2-h8 and
d5-g8;}) 21. Qe2 {[%csl Re6,Rg4]} h5 22. Bb2 $16 {[%csl Re6,Rh5][%cal Ge1f1]
White is dominating here-Rf1 is coming, also black pawns e6 and h5 are
vulnerable;} (22. Nxe6 $2 Nxd4)) 20. Rxd4 c5 21. Nxf5 exf5 {[%tqu "En","Find
the winning continuation for white;","","","d4g4","",10]} 22. Rxg4 $1 {[%mdl
64] That's what, probably, Korobov blundered, while played 19...Nxd4; White
gets 2 light pieces for the rook and pawn, but it's not the end of the story;}
fxg4 23. Ne7+ Kh8 (23... Qxe7 24. Rxe7 Bxb2 25. Bd5+ $1 {winning at once;}) 24.
Bd5 $1 {Using tactical motives of the position;} Bxb2 25. Bxb2+ Qf6 (25... Kh7
26. Be4+ $1) 26. Ng6+ {This is stronger that simplest:} (26. Bxf6+ Rxf6 27.
Bxb7 $18) 26... Kh7 27. Bxf6 Rxf6 28. Nf4 {[%csl Rb7,Yd5,Yf4][%cal Re1e7]
Black can not save this ending anyhow;} a4 29. Bxb7 Ra7 30. Re7+ Kh8 31. Re8+
Kg7 32. Nh5+ Kf7 33. Nxf6 Rxb7 {Looks like white had missed something- both
white pieces are under attack, but...} {[%tqu "En","","","","f6e4","",10]} 34.
Ne4 $1 {[%mdl 64] Everything was calculated by Vaulin!} Kxe8 35. Nxd6+ {
And white is up a knight;} 1-0

[Event "RUS-Cup03 Geller Memorial"]
[Site "Moscow"]
[Date "1999.02.08"]
[Round "7"]
[White "Kulikov, Aleksandr"]
[Black "Volodin, Alexey"]
[Result "1-0"]
[WhiteElo "2405"]
[BlackElo "2300"]
[Annotator "Tyomkin,D"]
[PlyCount "91"]
[EventDate "1999.02.10"]
[EventType "swiss"]
[EventRounds "9"]
[EventCountry "RUS"]
[SourceTitle "CBM 070"]
[Source "ChessBase"]
[SourceDate "1999.06.08"]
[SourceVersion "1"]
[SourceVersionDate "1999.06.08"]
[SourceQuality "1"]

1. d4 f5 2. Nf3 Nf6 3. g3 g6 4. Bg2 Bg7 5. O-O O-O 6. c4 d6 7. Nc3 Qe8 8. d5
Na6 9. Nd4 Nc5 10. b4 Nce4 11. Nxe4 (11. Ncb5 $5 {[%cal Rf2f3]} Qd8 12. f3 a6
13. fxe4 axb5 14. exf5 bxc4 15. fxg6 (15. e4 c5 $1 16. dxc6 Qb6 17. Kh1 Ng4 18.
Qxg4 Qxd4 $132 {0-1 Pogorelov,R-Teran Alvarez,I/Ubeda ESP 1999 (29)}) 15...
hxg6 16. Qc2 Ng4 17. Bb2 $6 (17. Qxg6 $5) 17... Rxf1+ 18. Rxf1 Rxa2 19. Qxg6 $1
Ne5 (19... Rxb2 20. Rf7 $18) 20. Qb1 $16 {1-0 Hjartarson,J-Halldorsson,G/
ISL-chT 1995 (38)}) 11... Nxe4 12. Bb2 (12. Be3 e5 13. dxe6 Bxe6 14. Nxe6 Qxe6
15. Rc1 a5 16. b5 c6 17. a4 cxb5 18. cxb5 Rac8 19. Qd3 $14 {1-0 Ostenstad,
B-Westerinen,H/Gausdal Norway 1995 (45)}) 12... c5 13. dxc6 bxc6 14. Qc2 (14.
Rb1 Rb8 (14... Bd7 15. Qd3 {1/2-1/2 Gabriel,C-Dao Thien Hai/Budapest FS FebGM
1994 (15)}) 15. a3 d5 $6 (15... e5 $142) 16. cxd5 cxd5 17. Nf3 Bxb2 18. Rxb2 e6
19. Rc2 Ba6 20. Qd4 $16 {1-0 Panzalovic,S-Fejzulahu,A/Biel 1990 (34)}) (14. f3
Nf6 $1 $146 (14... Ng5 15. Qd2 Nf7 16. f4 Bd7 17. b5 cxb5 $2 (17... Nd8 $142)
18. Bxa8 Qxa8 19. Nxb5 Bxb2 20. Qxb2 $16 {1-0 Wells Peter K-Dao Thien Hai/
Budapest "Expressz" 1993 (46)}) 15. a4 Bd7 16. b5 Nh5 17. bxc6 (17. f4 $6 c5)
17... Bxc6 18. c5 f4 19. g4 Rb8 $36 {0-1 Banikas,H-Dao Thien Hai/Calicut IND
1998 (40)}) 14... e5 15. Nb3 Be6 16. c5 $1 $146 (16. Rad1 d5 17. e3 (17. f3 Nd6
) 17... Qf7 18. Na5 Rac8 19. c5 Qc7 $11 {0-1 Allahverdiev,A-Gabriel,C/EU-chJM
U20 Holon ,EXT 1995 (50)}) (16. Bxe4 fxe4 17. Qxe4 Qf7 {[%csl Yf2][%cal Re6c4,
Re6h3]} (17... d5 18. cxd5 cxd5 19. Qg2 d4 $36 20. Nc5 Bc4 $44) 18. f4 Bxc4 19.
fxe5 Qd5 $15) 16... d5 17. f3 Ng5 18. f4 Nf7 $6 {Knight on-f7 has no
perspectives.It was better to come back to-e4.} (18... exf4 $142 19. Bxg7 Kxg7
20. Qd2 $1 (20. gxf4 Ne4 21. Nd4 Bc8 {[%cal Gc8a6]}) 20... Ne4 21. Qxf4 {
[%cal Gb3d4]}) 19. e3 Rb8 20. a3 Bc8 $1 {[%cal Gc8a6] moving bishop to better
diagonal a6-f1.} 21. Rfe1 Ba6 22. Rad1 Kh8 $6 {The defference between two
opponents in this game is that white had clear plan,and black had not.} (22...
Qe7 $142 23. Na5 Rbc8 $14 {Then black can try to play on the kingside by h7-h5
and h5-h4.If white replies h2-h4 black has g4-square for the knight.}) 23. Na5
Qe6 24. Bc3 g5 $6 {[%mdl 16384] Black destroys his position in few moves.It
was good idea to wait for a while to see what white can do.White's plan is to
lead b4-b5,and in this case with the opening of the position black can get
some counterchances.Now black makes things easier for white.} 25. a4 {[%csl
Rd5][%cal Gb4b5]} gxf4 $2 {[%mdl 16384]} 26. exf4 e4 27. Bxg7+ Kxg7 28. Qc3+
$16 {[%csl Rc6,Rd4][%cal Ga5b3,Gb3d4,Yb4b5][%mdl 32] White gets a full control
over black squares.The next plan of white is to transfer the knight to-d4 and
to break b4-b5 getting passed c-pawn.} Kg6 29. Nb3 Qf6 30. Nd4 h5 31. Re3 {
[%cal Ye3c3,Ye3g3]} Nh6 32. h3 Bc4 33. Bf1 Bxf1 34. Kxf1 a6 35. b5 $1 {That is
the time for final break!} axb5 36. axb5 cxb5 37. c6 {[%csl Rh6] Passed pawn
"c" decides the game.Black knight is completely out of play.} Ng8 38. c7 Rbc8
39. Qc5 {[%cal Gd4b5,Yb5a7,Yb5d6]} Rf7 40. Nxb5 $18 Qa6 41. Ra3 Qe6 42. Rxd5
Rd7 43. Rd6 Rxd6 44. Nxd6 Nf6 45. Nxc8 Qxc8 46. Qc6 {[%cal Ra3a6,Ra6a8]} 1-0